Albert Merz (Record no. 1911)

MARC details
000 - LÍDER
campo de control de longitud fija 00702nam a2200205Ia 4500
008 - ELEMENTOS DE DATOS DE LONGITUD FIJA - INFORMACIÓN GENERAL
campo de control de longitud fija 0000001989 gea 0000000000ger00
090 ## - NÚMERO DE LLAMADA DE TIPO LC LOCALMENTE ASIGNADO (OCLC)
Número de clasificación (OCLC) (R) PSZ00 M27a
100 1# - ENTRADA PRINCIPAL - NOMBRE PERSONAL
Nombre de la persona Merz, Albert
Fechas asociadas a un nombre 1942
245 10 - TÍTULO DECLARACIÓN
Título Albert Merz
Declaración de responsabilidad / fotos Dietrich Walther ... [et al.]
260 ## - PUBLICACIÓN, DISTRIBUCIÓN
Lugar de publicación Berlin : [s.n.]
Fecha de publicación 1989
300 ## - DESCRIPCIÓN FÍSICA
Alcance 47 p.
Dimensiones / 28 cm.
500 ## - NOTA GENERAL
Nota general Texto bilingue : alemán y francés \ Con el patronazgo del maestro venezolano Jesús Rafael Soto (q.e.p.d.)
600 00 - ENTRADA DE SUJETO AÑADIDO - NOMBRE PERSONAL
Nombre de la persona MERZ, ALBERT, 1942 /
Subdivisión general TRABAJOS PICTORICOS
650 14 - ENTRADA DE SUJETO AÑADIDO - TÉRMINO TÓPICO
Término tópico o elemento de entrada del nombre geográfico ARTE CONTEMPORANEO SUIZO
650 14 - ENTRADA DE SUJETO AÑADIDO - TÉRMINO TÓPICO
Subdivisión general CATALOGOS
650 14 - ENTRADA DE SUJETO AÑADIDO - TÉRMINO TÓPICO
Subdivisión general EXPOSICIONES
650 14 - ENTRADA DE SUJETO AÑADIDO - TÉRMINO TÓPICO
Término tópico o elemento de entrada del nombre geográfico PINTORES SUIZOS
650 14 - ENTRADA DE SUJETO AÑADIDO - TÉRMINO TÓPICO
Término tópico o elemento de entrada del nombre geográfico PINTURA SUIZA
700 1# - ENTRADA AGREGADA - NOMBRE PERSONAL
Nombre de la persona Walther, Dietrich
Holdings
Estado de retirada Pérdida de estatus Estado dañado No para préstamo Código de recogida Ubicación permanente Ubicación actual Ubicación de las estanterías Fecha de adquisición Número de llamada completo Código de barras Fecha de la última vez que se vio Número de copia Precio efectivo desde Tipo de artículo Koha
        General ArtNexus ArtNexus General 06/09/2022 P-SZ-00 M27A 1911 06/09/2022 Ej.1 06/09/2022 Libro

Powered by Koha